MARC

LEADER 00000nam2a2200000 4500
001 278044
005 20231101235056.0
035 |a (RuTPU)RU\TPU\book\301321 
035 |a RU\TPU\book\301319 
035 |a RU\TPU\book\283220 
090 |a 278044 
100 |a 20141208d2013 k y0rusy50 ca 
101 0 |a rus 
102 |a RU 
105 |a y z 001zy 
200 0 |a Т. 155 : Кн. 6 
210 |d 2013 
215 |a 246 с. 
225 1 |a Гуманитарные науки 
320 |a Библиогр. в конце ст. 
461 1 |0 (RuTPU)RU\TPU\book\283219  |t Ученые записки Казанского университета  |o [сборник научных трудов]  |f Казанский государственный университет (КГУ)  |v Т. 155 : Кн. 6  |d 1909-  
606 1 |a Гуманитарные науки  |2 stltpush  |3 (RuTPU)RU\TPU\subj\67345  |9 83188 
610 1 |a социология 
610 1 |a журналистика 
610 1 |a психология 
610 1 |a педагогика 
610 1 |a Татарстан 
610 1 |a межкультурные взаимодействия 
610 1 |a религиозный экстремизм 
610 1 |a поликультурное общество 
610 1 |a российское телевидение 
610 1 |a терроризм 
610 1 |a публицистика 
610 1 |a Удмуртия 
610 1 |a медиабизнес 
610 1 |a толерантность 
610 1 |a корпоративная культура 
610 1 |a учебные процессы 
610 1 |a педагогическое образование 
610 1 |a оценивание 
610 1 |a студенты 
610 1 |a высшее образование 
610 1 |a стенные газеты 
610 1 |a история 
686 |a С  |v LBC/SL-A  |2 rubbk 
801 1 |a RU  |b 63413507  |c 20140514 
801 2 |a RU  |b 63413507  |c 20141216  |g RCR 
942 |c BK